01343 2200385 4500001002100000005001500021035002500036007000300061008004100064040001700105084001700122090002100139090002100160100001800181245018600199250003500385260003700420300005000457650002600507850001200533020001800545082001500563500006500578500009600643700002300739700002800762700002600790041001300816504003300829990001800862990002100880990001700901990001800918990002100936YOGYA00000000002035820190314011727 a0010-081400000020076ta130730r2002 yoia g 1 ind d aYOPDYOGbind a959.82 RIC y aDEP 959.82 RIC y aCB-D.11 2002-4511 aRicklefs, M.C aYogyakarta di Bawah Sultan Mangkubumi 1749-1792 :bsejarah pembagian Jawa /cM.C. Ricklefs; penerjemah, Hartono Hadikusumo, E. Setiyawati Alkhatab; penyunting, Revianto Budi Santosa aCetakan pertama, Desember 20023 aYogyakarta :bMata Bangsa,c2002 aviii, 721 halaman :bIlustrasi, Peta ;c21 cm 4aYogyakarta--vsejarah aYOPDYOG a979-9471-09-504223a959.82 aTeks dalam bahas Indonesia diterjemahkan dari bahasa Inggris aJudul asli: Jogjakarta under Sultan Mangkubumi 1749-1792: a history of the division of Java aHartono Hadikusumo1 aAlkhatab, E. Setiyawati0 aRevianto Budi Santosa1 aindheng aBibliografi: halaman 687-708 a270-BPAD/B.03 aCB-D.11/2002-451 a3301-PD/B.04 a270-BPAD/B.03 aCB-D.11/2002-451